| 000 | 01380cam a2200325 i 4500 | ||
|---|---|---|---|
| 005 | 20160123160909.0 | ||
| 008 | 060823s2003 ck abd r 001 0 spa d | ||
| 015 | _aSSS | ||
| 020 | _a1881173739 | ||
| 040 |
_aCO-BoPUJ _cCO-BoIAVH _dCO-BoIAVH |
||
| 041 | 0 | _aspa | |
| 043 | _as-ck--- | ||
| 044 | _ack | ||
| 082 | 0 | 4 |
_a599.8 _bD31p2 |
| 100 | 1 | _aDefler, Thomas Richard | |
| 245 | 1 | 0 |
_aPrimates de Colombia / _cThomas Richard Defler ; ilustraciones Stephen D. Nash, César Landazábal Mendoza y Margarita Nieto Díaz ; editor José Vicente Rodríguez-Mahecha. |
| 260 |
_aBogotá : _bConservación internacional, _c2003. |
||
| 300 |
_a543 páginas . _bilustraciones, gráficos, mapas y tablas (algunas a color) ; _c19cm. |
||
| 490 | 0 | 0 |
_aSerie guías de tropicales de campo ; _v4 |
| 504 | _aIncluye referencias bibliográficas glosario e índice. | ||
| 590 | _aEjemplar con dedicatoria y autografiado por el autor. | ||
| 650 | 1 | 4 |
_aPrimates _vClasificación _zColombia |
| 650 | 2 | 4 |
_aPrimates _xConservación de especímenes _zColombia |
| 650 | 2 | 4 |
_aPrimates _xEcología _zColombia |
| 650 | 2 | 4 |
_aPrimates _xDistribución geográfica _zColombia |
| 700 | 1 |
_aNash, Stephen D., _eilustrador. |
|
| 700 | 1 |
_aLandazábal Mendoza, César, _eilustrador. |
|
| 700 | 1 |
_aNieto Díaz, Margarita, _eilustradora. |
|
| 942 |
_2ddc _cLIBRO |
||
| 999 |
_c3492 _d3492 |
||